Statistics for 2nd...or 3rd Reich?

Click here to take the quiz!

General Stats

  • This quiz has been taken 92 times
  • The average score is 9 of 15

Answer Stats

QuestionAnswer% Correct
Ruled by an emperor?Imperial Germany
99%
Last leader committed suicide?Nazi Germany
96%
Helped Franco win the Spanish Civil War?Nazi Germany
89%
Had overseas colonies?Imperial Germany
87%
Was involved with the Zimmerman telegram?Imperial Germany
76%
Flag color was red, white, and black?Both
70%
France surrendered to?Nazi Germany
68%
Had the Eagle as a national symbol?Both
67%
Was an ally of Italy?Nazi Germany
57%
Had a chancellor?Both
54%
Tried to force the U.K. into surrendering with a submarine campaign?Both
44%
Had a general nicknamed the "Lion of Africa", and reportedly never was defeated in battle?Imperial Germany
44%
Paul von Hindenburg the head of state of the government?Nazi Germany
43%
Larger pre-war land area?Nazi Germany
29%
United States declared war on?Imperial Germany
16%

Score Distribution

Percentile by Number Answered

Percent of People with Each Score

Your Score History

You have not taken this quiz